000 01001nam a2200253Ia 4500
003 OSt
005 20220930095004.0
006 a|||||r|||| 00| 0
007 ta
008 220926b |||||||| |||| 00| 0 hin d
024 _a62939
037 _cTheses
040 _aCRL
_cCRL
_bhin
041 _2hin
_ahin
100 _aअर्चना, ले.
110 _aदिल्ली विश्वविद्यालय. कला संकाय. हिन्दी विभाग
245 0 _aसामाजिकता के प्रश्न और हिन्दी का महिला नाट्य - लेखन
246 _aSāmājikatā ke prashna aur hindī kā mahilā nāṭya - lekhana
260 _c2018
300 _a253पृ0
_ap.
_ccm.
700 _aदिल्ली विश्वविद्यालय. कला संकाय. हिन्दी विभाग
942 _cDIS
_2CC
999 _c888116
_d888116